[Event "TOP 12 Feminin_GroupeB"]
[Site "CHARTRES, France"]
[Date "2024.05.11"]
[Round "4.1"]
[White "GARCIA MARIN, Marta"]
[Black "BUKSA, Nataliya"]
[Result "1/2-1/2"]
[WhiteElo "2342"]
[BlackElo "2383"]
[PlyCount "86"]
[EventDate "2024.??.??"]
[WhiteTeam "Marseille"]
[BlackTeam "Chalons en Champagne"]

1. e4 {369} e5 {10} 2. Nf3 {8} Nc6 {4} 3. Bb5 {12} a6 {11} 4. Ba4 {18} Nf6 {5}
5. O-O {7} Be7 {27} 6. d3 {63} b5 {53} 7. Bb3 {4} d6 {5} 8. c3 {16} O-O {78} 9.
a4 {197} Bb7 {505} 10. Bc2 {1123} Re8 {528} 11. Re1 {121} Bf8 {101} 12. Bg5 {87
} h6 {90} 13. Bxf6 {604} Qxf6 {4} 14. Na3 {6} b4 {310} 15. Nc4 {175} a5 {18}
16. Nfd2 {728} g6 {174} 17. Bb3 {264} Bg7 {113} 18. Ne3 {416} Qd8 {304} 19. Bd5
{169} Qb8 {477} 20. Qb3 {893} Rf8 {183} 21. Rf1 {302} Ra6 {337} 22. f4 {326}
Qa7 {519} 23. Ndc4 {114} exf4 {44} 24. Rxf4 {9} Ne5 {15} 25. d4 {44} c6 {66}
26. Bxf7+ {83} Kh8 {580} 27. dxe5 {38} d5 {5} 28. Kh1 {25} dxc4 {40} 29. Nxc4 {
6} c5 {89} 30. Raf1 {25} g5 {60} 31. R4f2 {23} Bxe4 {5} 32. cxb4 {63} cxb4 {87}
33. Nd6 {33} Qd4 {67} 34. Qc4 {37} Qxc4 {237} 35. Bxc4 {27} Rxf2 {4} 36. Rxf2 {
2} Rc6 {3} 37. h3 {62} Bg6 {30} 38. Re2 {28} Rc5 {510} 39. e6 {26} Rc6 {3} 40.
e7 {35} Rxd6 {5} 41. e8=Q+ {4} Bxe8 {2} 42. Rxe8+ {6} Kh7 {2} 43. b3 {34} Bd4 {
21} 1/2-1/2

[Event "TOP 12 Feminin_GroupeB"]
[Site "CHARTRES, France"]
[Date "2024.05.11"]
[Round "4.2"]
[White "ALEXIEVA, Silvia"]
[Black "DELORME, Laurie"]
[Result "1-0"]
[WhiteElo "2144"]
[BlackElo "2075"]
[PlyCount "61"]
[EventDate "2024.??.??"]
[WhiteTeam "Chalons en Champagne"]
[BlackTeam "Marseille"]

1. c4 {3} e5 {341} 2. Nc3 {16} Bb4 {21} 3. Qb3 {77} Nc6 {323} 4. Nf3 {122} d6 {
437} 5. a3 {71} Bxc3 {276} 6. Qxc3 {7} f5 {20} 7. d4 {318} e4 {564} 8. d5 {173}
exf3 {33} 9. Qxg7 {263} Qf6 {68} 10. Qxf6 {17} Nxf6 {5} 11. dxc6 {20} fxe2 {38}
12. Bxe2 {134} bxc6 {14} 13. b4 {262} O-O {211} 14. O-O {92} Be6 {146} 15. Re1
{557} Rfe8 {563} 16. Bb2 {119} Ne4 {245} 17. Rad1 {296} a5 {260} 18. f3 {191}
Ng5 {18} 19. b5 {66} c5 {264} 20. Bf6 {164} h6 {96} 21. Bd3 {58} Kf7 {254} 22.
Bc3 {25} Rg8 {111} 23. Kf2 {42} h5 {104} 24. h4 {80} Nh7 {19} 25. Rxe6 {223}
Kxe6 {45} 26. Re1+ {9} Kf7 {207} 27. Bxf5 {13} Nf8 {20} 28. Be4 {39} Re8 {140}
29. Bd5+ {21} Ne6 {111} 30. f4 {114} Rg4 {192} 31. g3 {20} 1-0

[Event "TOP 12 Feminin_GroupeB"]
[Site "CHARTRES, France"]
[Date "2024.05.11"]
[Round "4.3"]
[White "CORNILEAU, Juliette"]
[Black "AFRAOUI, Anaelle"]
[Result "1-0"]
[WhiteElo "1986"]
[BlackElo "2145"]
[PlyCount "77"]
[EventDate "2024.??.??"]
[WhiteTeam "Marseille"]
[BlackTeam "Chalons en Champagne"]

1. e4 {368} e6 {15} 2. d4 {14} d5 {11} 3. Nd2 {9} Nf6 {162} 4. e5 {9} Nfd7 {13}
5. f4 {29} c5 {93} 6. c3 {13} Nc6 {65} 7. Ndf3 {21} cxd4 {431} 8. cxd4 {162}
Qb6 {240} 9. g3 {124} Bb4+ {655} 10. Kf2 {10} Nf8 {72} 11. Kg2 {400} Ng6 {111}
12. h4 {237} h5 {428} 13. a3 {74} Be7 {42} 14. Bd3 {82} Bd7 {119} 15. Ne2 {321}
Bd8 {697} 16. b4 {657} Nce7 {637} 17. a4 {376} a6 {198} 18. Rb1 {171} Rc8 {72}
19. Bd2 {130} Qa7 {180} 20. b5 {554} a5 {92} 21. Qb3 {289} Bb6 {30} 22. Bc1 {
161} O-O {321} 23. Ba3 {131} Rfd8 {117} 24. Rhf1 {430} Nf5 {203} 25. Bxf5 {26}
exf5 {5} 26. Ng5 {119} Be6 {94} 27. Qf3 {32} Nf8 {191} 28. Qxh5 {219} Bxd4 {93}
29. Be7 {373} Re8 {111} 30. Bxf8 {34} Kxf8 {5} 31. g4 {164} g6 {151} 32. Nxe6+
{104} fxe6 {368} 33. Qh8+ {158} Ke7 {61} 34. Qg7+ {10} Kd8 {5} 35. Rfc1 {43}
Bc5 {32} 36. b6 {400} Qa6 {23} 37. Rb5 {42} Bxb6 {152} 38. Qf6+ {35} Kd7 {26}
39. Rxd5+ {11} 1-0

[Event "TOP 12 Feminin_GroupeB"]
[Site "CHARTRES, France"]
[Date "2024.05.11"]
[Round "4.5"]
[White "SAVINA, Anastasia"]
[Black "HAROUTYUNYAN, Erika"]
[Result "1-0"]
[WhiteElo "2331"]
[BlackElo "1501"]
[PlyCount "29"]
[EventDate "2024.??.??"]
[WhiteTeam "Vandoeuvre"]
[BlackTeam "Strasbourg"]

1. d4 {3} Nf6 {9} 2. c4 {15} d5 {133} 3. cxd5 {9} Qxd5 {183} 4. Nc3 {13} Qd8 {
98} 5. Nf3 {66} e6 {425} 6. e4 {32} b6 {161} 7. Bg5 {490} h6 {380} 8. Bh4 {55}
g5 {65} 9. Bg3 {27} Bb7 {140} 10. Bd3 {205} Nh5 {583} 11. Be5 {307} f6 {124}
12. Bg3 {363} Nxg3 {111} 13. hxg3 {9} g4 {662} 14. Nh2 {202} Qxd4 {126} 15.
Bb5+ {29} 1-0

[Event "TOP 12 Feminin_GroupeB"]
[Site "CHARTRES, France"]
[Date "2024.05.11"]
[Round "4.6"]
[White "HAROUTYUNYAN, Syuzanna"]
[Black "BEREND, Elvira"]
[Result "0-1"]
[WhiteElo "1594"]
[BlackElo "2256"]
[PlyCount "86"]
[EventDate "2024.??.??"]
[WhiteTeam "Strasbourg"]
[BlackTeam "Vandoeuvre"]

1. e4 {3} c5 {8} 2. Nf3 {11} e6 {18} 3. Nc3 {33} a6 {20} 4. d4 {206} cxd4 {103}
5. Nxd4 {21} Nc6 {94} 6. Nxc6 {270} bxc6 {7} 7. Bd3 {295} d5 {11} 8. exd5 {195}
cxd5 {7} 9. O-O {83} Nf6 {15} 10. Bg5 {186} Be7 {61} 11. Re1 {356} O-O {183}
12. h3 {215} Re8 {70} 13. Qd2 {349} Bb7 {36} 14. a3 {485} Nd7 {381} 15. Bxe7 {
344} Qxe7 {46} 16. Bf1 {169} Qf6 {219} 17. Rab1 {232} Rec8 {122} 18. Bd3 {273}
Nc5 {178} 19. Rbc1 {580} e5 {194} 20. Be2 {548} d4 {147} 21. Na2 {98} Ne4 {56}
22. Qd3 {259} Qxf2+ {14} 23. Kh2 {69} Nc3 {249} 24. Qg3 {84} Qxg3+ {22} 25.
Kxg3 {5} Nxa2 {9} 26. Ra1 {26} Rxc2 {136} 27. Rxa2 {26} e4 {192} 28. Bg4 {235}
g6 {34} 29. Bd1 {44} Rd2 {25} 30. Be2 {199} Rc8 {22} 31. Raa1 {101} Rcc2 {17}
32. Bf1 {45} e3 {23} 33. Rac1 {271} Rxc1 {86} 34. Rxc1 {6} e2 {5} 35. Bxe2 {34}
Rxe2 {4} 36. Rg1 {9} d3 {20} 37. a4 {139} Rxb2 {66} 38. h4 {30} Rxg2+ {11} 39.
Rxg2 {21} Bxg2 {6} 40. Kf2 {33} Bc6 {6} 41. a5 {14} f5 {11} 42. Ke3 {9} Be4 {7}
43. Kd2 {12} Kf7 {7} 0-1

[Event "TOP 12 Feminin_GroupeB"]
[Site "CHARTRES, France"]
[Date "2024.05.11"]
[Round "4.7"]
[White "THOMAS, Anysia"]
[Black "SINIVASSANE, Roja"]
[Result "1-0"]
[WhiteElo "2167"]
[BlackElo "1589"]
[PlyCount "87"]
[EventDate "2024.??.??"]
[WhiteTeam "Vandoeuvre"]
[BlackTeam "Strasbourg"]

1. d4 {2} Nf6 {37} 2. c4 {4} g6 {21} 3. Nc3 {4} d6 {118} 4. e4 {10} Bg7 {47} 5.
h3 {5} O-O {56} 6. Nf3 {4} Nbd7 {49} 7. Be3 {25} e5 {37} 8. d5 {12} c6 {62} 9.
dxc6 {35} Nc5 {183} 10. cxb7 {252} Bxb7 {33} 11. Bxc5 {7} dxc5 {43} 12. Qc2 {52
} Qe7 {76} 13. Be2 {15} Rad8 {113} 14. O-O {80} a6 {227} 15. Rfd1 {22} Rfe8 {
152} 16. Nd5 {209} Nxd5 {38} 17. cxd5 {7} Qd6 {215} 18. Rac1 {147} Rc8 {89} 19.
Nd2 {68} Bh6 {53} 20. Nc4 {32} Qe7 {120} 21. d6 {191} Qe6 {171} 22. d7 {87}
Bxc1 {92} 23. dxe8=Q+ {14} Rxe8 {74} 24. Rxc1 {7} Rd8 {101} 25. Bg4 {165} Qe7 {
83} 26. Ne3 {31} Qf6 {371} 27. Bf3 {19} Qe6 {63} 28. b3 {87} Qc6 {251} 29. Qxc5
{24} Qxc5 {11} 30. Rxc5 {2} f6 {31} 31. Rc7 {3} Ba8 {38} 32. Ng4 {71} f5 {113}
33. Nf6+ {11} Kf8 {109} 34. Nxh7+ {16} Kg8 {113} 35. Nf6+ {9} Kf8 {33} 36. Be2
{42} Bxe4 {125} 37. Bc4 {12} Rd1+ {113} 38. Kh2 {5} Bd5 {88} 39. Bxd5 {8} Rxd5
{35} 40. Nxd5 {4} Ke8 {22} 41. b4 {29} e4 {43} 42. a4 {4} g5 {51} 43. b5 {4}
axb5 {35} 44. axb5 {2} 1-0

[Event "TOP 12 Feminin_GroupeB"]
[Site "CHARTRES, France"]
[Date "2024.05.11"]
[Round "4.8"]
[White "ROSSE, Eline"]
[Black "STOLL, Lucia"]
[Result "0-1"]
[WhiteElo "1509"]
[BlackElo "1915"]
[PlyCount "102"]
[EventDate "2024.??.??"]
[WhiteTeam "Strasbourg"]
[BlackTeam "Vandoeuvre"]

1. d4 Nf6 {2} 2. c4 {8} e6 {4} 3. Nc3 {10} Bb4 {10} 4. Bd2 {35} O-O {269} 5.
Nf3 {30} b6 {259} 6. e3 {30} Bb7 {33} 7. Bd3 {59} d6 {328} 8. O-O {135} Nbd7 {
35} 9. a3 {163} Bxc3 {7} 10. Bxc3 {12} a5 {216} 11. Re1 {125} Qe7 {97} 12. e4 {
99} e5 {22} 13. d5 {9} a4 {132} 14. Bc2 {231} Nc5 {38} 15. Bb4 {40} Nfd7 {244}
16. Re3 {435} g6 {398} 17. Nd2 {292} Kh8 {255} 18. Rh3 {109} Qe8 {1080} 19. Qg4
{75} Nf6 {209} 20. Qh4 {104} Qd8 {145} 21. Nf3 {34} Bc8 {52} 22. Rg3 {69} Nfxe4
{309} 23. Ng5 {211} Nxg5 {13} 24. Qxg5 {34} Qxg5 {85} 25. Rxg5 {20} f5 {76} 26.
Rg3 {151} Kg7 {80} 27. Re1 {178} Bd7 {187} 28. Rge3 {454} Rae8 {128} 29. Bd2 {
387} f4 {304} 30. Rc3 {133} Bf5 {28} 31. Bd1 {113} g5 {299} 32. f3 {440} Kg6 {
104} 33. Re2 {185} e4 {195} 34. g4 {245} Bd7 {138} 35. Bc2 {39} Kf6 {52} 36.
Bxe4 {91} Nxe4 {50} 37. fxe4 {102} Bxg4 {3} 38. Rg2 {31} Bd1 {176} 39. Rc1 {58}
Bf3 {15} 40. Bc3+ {187} Kg6 {9} 41. Rf2 {31} Bxe4 {7} 42. Re1 {40} Bd3 {18} 43.
Re6+ {34} Rxe6 {21} 44. dxe6 {10} Bxc4 {19} 45. e7 {31} Re8 {3} 46. h4 {179} h6
{8} 47. hxg5 {28} hxg5 {2} 48. Rg2 {69} Rxe7 {7} 49. Bd2 {22} Kf5 {15} 50. Kh2
{78} g4 {30} 51. Rf2 {22} g3+ {6} 0-1

[Event "TOP 12 Feminin_GroupeB"]
[Site "CHARTRES, France"]
[Date "2024.05.11"]
[Round "4.9"]
[White "BROLY, Mathilde"]
[Black "CRAMLING, Pia"]
[Result "0-1"]
[WhiteElo "2097"]
[BlackElo "2449"]
[PlyCount "64"]
[EventDate "2024.??.??"]
[WhiteTeam "Clichy"]
[BlackTeam "Monaco"]

1. c4 {4} e5 {93} 2. Nc3 {40} Bb4 {15} 3. Nd5 {34} a5 {37} 4. g3 {205} Nf6 {234
} 5. Nxb4 {52} axb4 {5} 6. d3 {42} O-O {215} 7. Bg2 {104} d5 {157} 8. cxd5 {47}
Nxd5 {26} 9. Nf3 {25} Nc6 {346} 10. O-O {103} Re8 {298} 11. Ng5 {269} h6 {470}
12. Ne4 {119} Ra5 {589} 13. Nd2 {440} Ra7 {89} 14. Nb3 {123} b6 {101} 15. d4 {
593} exd4 {596} 16. Nxd4 {61} Nxd4 {62} 17. Qxd4 {17} Be6 {23} 18. a3 {574} c5
{87} 19. Qd1 {8} bxa3 {832} 20. Rxa3 {168} Rxa3 {388} 21. bxa3 {9} Nc3 {197}
22. Qc2 {27} Nb5 {11} 23. e3 {698} Qc7 {8} 24. Bb2 {725} Rd8 {36} 25. a4 {60}
Nd6 {156} 26. Be5 {250} Qe7 {140} 27. Rb1 {531} Nc4 {32} 28. Bc3 {9} Na3 {17}
29. Qb2 {148} Nxb1 {7} 30. Qxb1 {4} Qd6 {294} 31. Bf3 {47} Qd3 {86} 32. Qxb6 {
27} Bh3 {23} 0-1

[Event "TOP 12 Feminin_GroupeB"]
[Site "CHARTRES, France"]
[Date "2024.05.11"]
[Round "4.10"]
[White "SKRIPCHENKO, Almira"]
[Black "COCHET, Caroline"]
[Result "1/2-1/2"]
[WhiteElo "2386"]
[BlackElo "1972"]
[PlyCount "63"]
[EventDate "2024.??.??"]
[WhiteTeam "Monaco"]
[BlackTeam "Clichy"]

1. Nf3 {52} d6 {82} 2. e4 {26} Nf6 {92} 3. Nc3 {6} g6 {115} 4. d4 {7} Bg7 {23}
5. Be3 {6} Nbd7 {285} 6. h3 {221} e5 {335} 7. dxe5 {572} dxe5 {103} 8. a4 {9}
O-O {269} 9. a5 {83} Qe7 {418} 10. a6 {570} Nc5 {1029} 11. Bg5 {709} Qd6 {327}
12. Nd2 {910} bxa6 {593} 13. Bxf6 {231} Bxf6 {84} 14. Nd5 {7} Bg7 {99} 15. Bc4
{594} Bb7 {233} 16. Qf3 {278} Kh8 {97} 17. Qe3 {453} Rad8 {486} 18. O-O-O {64}
a5 {262} 19. Nb3 {364} Nxb3+ {100} 20. Qxb3 {29} Bc6 {319} 21. Ne3 {151} Qb4 {
72} 22. Bxf7 {336} Bxe4 {72} 23. f3 {170} Bc6 {122} 24. Rxd8 {146} Rxd8 {1} 25.
Rd1 {8} Rxd1+ {126} 26. Kxd1 {11} Bh6 {79} 27. Qd3 {167} Qd4 {186} 28. Ke2 {4}
Kg7 {24} 29. Bd5 {51} Qxe3+ {147} 30. Qxe3 {6} Bxe3 {5} 31. Bxc6 {4} Bc5 {17}
32. Kd3 {64} 1/2-1/2

[Event "TOP 12 Feminin_GroupeB"]
[Site "CHARTRES, France"]
[Date "2024.05.11"]
[Round "4.11"]
[White "BONVALOT, Isabelle"]
[Black "BELENKAYA, Dina"]
[Result "0-1"]
[WhiteElo "1924"]
[BlackElo "2179"]
[PlyCount "58"]
[EventDate "2024.??.??"]
[WhiteTeam "Clichy"]
[BlackTeam "Monaco"]

1. e4 {2} c6 {175} 2. d4 {6} d5 {11} 3. e5 {5} a6 {44} 4. c3 {43} c5 {31} 5.
Be3 {60} Nc6 {22} 6. dxc5 {231} Nxe5 {45} 7. b4 {49} Nf6 {275} 8. Nd2 {301} Bf5
{305} 9. Nb3 {51} Nc4 {767} 10. Bxc4 {298} dxc4 {4} 11. Nd4 {62} Bd3 {247} 12.
Ngf3 {154} Qd5 {337} 13. Qa4+ {215} Nd7 {98} 14. O-O-O {43} e5 {300} 15. Nf5 {
382} O-O-O {562} 16. Ne1 {390} g6 {168} 17. Nd6+ {648} Bxd6 {436} 18. cxd6 {3}
Qxd6 {61} 19. Nxd3 {114} cxd3 {6} 20. Kd2 {376} f5 21. f3 {52} Nb6 {164} 22.
Qb3 Qc6 {209} 23. Bc5 e4 {258} 24. Rhe1 Rhe8 25. a4 Nxa4 26. Be3 Nb6 {280} 27.
Bc5 Qb5 28. c4 Nxc4+ 29. Kc3 d2 0-1

[Event "TOP 12 Feminin_GroupeB"]
[Site "CHARTRES, France"]
[Date "2024.05.11"]
[Round "4.12"]
[White "DORBUSCH, Tatiana"]
[Black "MONTIER, Mathilde"]
[Result "1-0"]
[WhiteElo "2197"]
[BlackElo "1199"]
[PlyCount "21"]
[EventDate "2024.??.??"]
[WhiteTeam "Monaco"]
[BlackTeam "Clichy"]

1. d4 {25} d5 {5} 2. c4 {29} c6 {15} 3. Nf3 {45} Bg4 {50} 4. Ne5 {275} Bh5 {127
} 5. cxd5 {412} cxd5 {255} 6. Qa4+ {405} Nd7 {27} 7. g4 {1310} Bg6 {62} 8. Nc3
{24} e6 {149} 9. e4 {73} dxe4 {125} 10. Nxd7 {108} Qxd7 {23} 11. Bb5 {8} 1-0